000 00376nam a2200169Ia 4500
008 221030s9999 xx 000 0 und d
020 _a007053246X
041 _aEnglish
082 _a105.23
100 _aH. Schildt
245 0 _aC ++ : The Complete Reference
250 _a4th
260 _bTMH
_aNew Delhi
_c2008
300 _a1023
650 _aComputers
942 _cBK
999 _c5636
_d5636